Periodic Table: Elements 31-60 Symbol Quiz - Statistics

General Stats
  • This quiz has been taken 342 times
  • The average score is 17 of 30
Answer Stats
Symbol Element % Correct
Ga Gallium
97%
Kr Krypton
87%
As Arsenic
83%
Ge Germanium
83%
Rb Rubidium
83%
Zr Zirconium
80%
Br Bromine
77%
Se Selenium
77%
Y Yttrium
73%
Sr Strontium
67%
Nb Niobium
57%
Ag Silver
53%
Xe Xenon
53%
In Indium
50%
Mo Molybdenum
50%
Cd Cadmium
47%
Cs Cesium
47%
I Iodine
47%
Pd Palladium
47%
Ru Ruthenium
43%
Tc Technetium
43%
Ba Barium
40%
Te Tellurium
40%
Sn Tin
40%
Sb Antimony
37%
Ce Cerium
37%
La Lanthanum
37%
Rh Rhodium
33%
Nd Neodymium
27%
Pr Praseodymium
27%
No matching quizzes found
Score Distribution
Percent of People with Each Score
Percentile by Number Answered
Your Score History
You have not taken this quiz